Základy európskeho práva voľný pohyb tovaru

Pokračovanie článku zo SEP č. 5-6/02 o európskom práve. Táto časť je zameraná na slobodu vnútorného trhu, na voľný pohyb tovaru a s tým súvisiace problémy.

Enregistré dans:
Détails bibliographiques
Auteur principal: Nováčková, Daniela
Format: Chapitre de livre
Langue:slovaque
Sujets:
Tags: Ajouter un tag
Pas de tags, Soyez le premier à ajouter un tag!

MARC

LEADER 00000naa a2200000 4500
001 r048751
005 20230929115947.8
041 0 |a slo 
044 |a SK 
245 1 0 |a Základy európskeho práva  |b voľný pohyb tovaru  |c Daniela Nováčková 
520 |a Pokračovanie článku zo SEP č. 5-6/02 o európskom práve. Táto časť je zameraná na slobodu vnútorného trhu, na voľný pohyb tovaru a s tým súvisiace problémy. 
610 2 0 |a právo 
610 2 0 |a systémy právne 
610 2 0 |a trh vnútorný 
610 2 0 |a pohyb tovaru 
610 2 0 |a smernice 
610 2 0 |a únie colné 
610 2 0 |a clá 
610 2 0 |a súťaž verejná 
610 2 0 |a vzťahy obchodné 
610 2 0 |a Európska únia 
100 1 |a Nováčková, Daniela